Normal view MARC view

Entry Corporate Name

Number of records used in: 1

001 - CONTROL NUMBER

  • control field: 197634

003 - CONTROL NUMBER IDENTIFIER

  • control field: OSt

005 - DATE AND TIME OF LATEST TRANSACTION

  • control field: 20250204165509.0

008 - FIXED-LENGTH DATA ELEMENTS

  • fixed length control field: 250204|| aca||aabn | a|a d

040 ## - CATALOGING SOURCE

  • Original cataloging agency: OSt
  • Transcribing agency: OSt

110 ## - HEADING--CORPORATE NAME

  • Subordinate unit: शर्म (देवेन्द्रनाथ)

670 ## - SOURCE DATA FOUND

  • Source citation: Work cat.: (OSt)89252: SHARM (Devendranath): 197633, Rashtrbhasha hindi samasyen aur samadhan:, 1983